| 000 | 00616nam a2200217 a 4500 | ||
|---|---|---|---|
| 001 | 49866 | ||
| 003 | BD-RjUL | ||
| 005 | 20211209054736.0 | ||
| 008 | 160823s1968 enk||||| |||| 001 0 eng d | ||
| 035 | _a(BD-RjUL)49986 | ||
| 040 |
_aBD-RjUL _beng _cBD-RjUL _dBD-RjUL |
||
| 041 | _aeng | ||
| 082 |
_223 _a370 _bCHI 1986 |
||
| 100 | 1 | 0 |
_aChowdhury S A _9149457 |
| 245 | 1 | 0 |
_aInvitation to educational planning / _cS A Chowdhury |
| 260 |
_aDhaka : _bThe university press limited, _cc1986 |
||
| 300 |
_axv, 79 p.; _c23 cm. |
||
| 504 | _aInclude index and bibliography | ||
| 650 |
_aEducation _9149458 |
||
| 942 |
_2ddc _cBK |
||
| 999 |
_c49866 _d49866 |
||